000 01073nam a2200289 a 4500
001 000038342
003 DO-SdBNP
005 20230221104024.0
007 ta
008 130409e1980 dr gr 001 sdspa d
040 _aDO-SdBNP
_bspa
_cBNPHU
082 4 _a330.97293
_bE77d
_222
100 1 _aEspaillat M., Víctor M.,
_964702
_d1916-
245 1 0 _aDiscursos /
_cVíctor Manuel Espaillat Mera.
260 _aSantiago de los Caballeros, República Dominicana :
_bUCMM,
_c1980
300 _a198 p. ;
_c21 cm.
490 _aEstudios ;
_v59
500 _aIncluye datos biográficos del autor en las solapas de las cubiertas.
500 _aIncluye referencias bibliográficas y notas al pie de las paginas
590 _aInventariado, 2019 / VM
651 4 _aRepública Dominicana
_xCondiciones económicas
_9281
651 4 _aRepública Dominicana
_xPolítica económica
_9643
651 4 _aRepública Dominicana
_xPolítica social
_92627
710 2 _aUniversidad Católica Madre y Maestra
_957865
910 _aValidado. Control de calidad. MFF
942 _2ddc
_cLBS1
999 _c37832
_d37832